000 00634nam a2200181 a 4500
001 000043148
005 20201002040656.0
008 140220s1997 sp 000 0 spa d
020 _a8448709012
040 _aDO-SdBNP
_bspa
_cBNPHU
100 1 _aMaravall, José Antonio
_970708
245 1 4 _aLas Comunidades de Castilla :
_buna primera revolución moderna /
_cJosé Antonio Maravall.
260 _aBarcelona :
_bAltaya,
_c1997.
300 _a233 p ;
_c22 cm.
490 1 _aGrandes obras de historia
_v53
504 _aIncluye referencias bibliográficas y notas al pie de las páginas
830 0 _aGrandes obras de historia
_v53
_970707
999 _c42637
_d42637